Youth outbound travel of the Germans, the British & the French
Αποθηκεύτηκε σε:
| Συλλογικό Έργο: | , |
|---|---|
| Μορφή: | Βιβλίο |
| Γλώσσα: | English |
| Δημοσίευση: |
Madrid :
World Tourism Organization, Market Intelligence and Promotion Section,
c2002
|
| Θέματα: | |
| Ετικέτες: |
Προσθήκη ετικέτας
Δεν υπάρχουν, Καταχωρήστε ετικέτα πρώτοι!
|
MARC
| LEADER | 00000cam a2200000 i 4500 | ||
|---|---|---|---|
| 001 | 1/84673 | ||
| 008 | 050902s2002 eng d | ||
| 020 | |a 92-844-0535-1 | ||
| 035 | |l 10080078 | ||
| 040 | |a GR-MY-UA |b gre |e aacr | ||
| 041 | 0 | |a eng | |
| 082 | 0 | |a 338.4791 |2 (22) | |
| 110 | 2 | |a World Tourism Organization |b Market Intelligence and Promotion Section. | |
| 245 | 1 | 0 | |a Youth outbound travel of the Germans, the British & the French / |c World Tourism Organization. Market Intelligence and Promotion Section, Madrid, November 2002 |
| 260 | |a Madrid : |b World Tourism Organization, Market Intelligence and Promotion Section, |c c2002 | ||
| 300 | |a 48 σ.; |b πίν.; σχ.; |c 29 εκ. | ||
| 650 | 0 | 0 | |a Youth |x Travel. |
| 650 | 0 | 0 | |a Tourism |x Statistics. |
| 650 | 0 | 0 | |a Germans |x Travel. |
| 650 | 0 | 0 | |a British |x Travel. |
| 650 | 0 | 0 | |a French |x Travel. |
| 710 | 2 | |a World Tourism Organization. | |
| 852 | |a INST |b CHIOS |e 20050902 |h 338.4791 WOR |p 005200024757 |q 005200024757 |t BK |y 0 | ||
| 901 | |a BIBL2-2005-2 | ||
| 909 | |a Χ |b 119517 | ||
| 970 | |a ΧΑΖΙΡΗ |b ΑΝΝΑ |z 2005/09/02 | ||